Meri kavita : meri atmkatha / (Record no. 25236)

MARC details
000 -LEADER
fixed length control field 00397nam a2200145Ia 4500
005 - DATE AND TIME OF LATEST TRANSACTION
control field 20240807062638.0
008 - FIXED-LENGTH DATA ELEMENTS--GENERAL INFORMATION
fixed length control field 240806s9999||||xx |||||||||||||| ||eng||
041 ## - LANGUAGE CODE
Language code of text/sound track or separate title eng
100 ## - MAIN ENTRY--AUTHOR NAME
Personal name Dwivedi, Rameshwar Prasad
245 #0 - TITLE STATEMENT
Title Meri kavita : meri atmkatha /
Statement of responsibility, etc Dwivedi, Rameshwar Prasad
260 ## - PUBLICATION, DISTRIBUTION, ETC. (IMPRINT)
Name of publisher Kanti Kutir Prakashan, Gandhi Nagar, Pukhrawa
300 ## - PHYSICAL DESCRIPTION
Number of Pages 181p.
650 ## - SUBJECT ADDED ENTRY--TOPICAL TERM
Topical Term Hindi
942 ## - ADDED ENTRY ELEMENTS (KOHA)
Koha item type Books
Holdings
Withdrawn status Lost status Damaged status Not for loan Permanent Location Current Location Shelving location Date acquired Cost, normal purchase price Accession Number Koha item type
        Central Library, CMP Central Library, CMP General stacks 07/08/2024 130.00 368 Books

Implemented and Maintained by Dr. Punit Kumar Singh

For any Suggestions/Queries, contact the library or email us at: library.cmpdc@gmail.com OR library@cmpcollege.ac.in

Website/OPAC is best viewed in Mozilla Browser at a resolution of 1366x768.